书目信息 |
| 题名: |
现代测量学
|
|
| 作者: | 翟翊 , 赵夫来 , 杨玉海 , 王同合 编著 | |
| 分册: | ||
| 出版信息: | 北京 测绘出版社 2016.07 |
|
| 页数: | 313页 | |
| 开本: | 26cm | |
| 丛书名: | ||
| 单 册: | ||
| 中图分类: | P2 | |
| 科图分类: | ||
| 主题词: | 测量学--ce liang xue--高等教育--教材 | |
| 电子资源: | ||
| ISBN: | 978-7-5030-3956-0 | |
| 000 | 01352nam0 2200325 450 | |
| 001 | 94954 | |
| 005 | 20250821082408.94 | |
| 010 | @a978-7-5030-3956-0@dCNY45.00 | |
| 100 | @a20160926d2016 em y0chiy50 ea | |
| 101 | 0 | @achi |
| 102 | @aCN@b110000 | |
| 105 | @aak a 000yy | |
| 106 | @ar | |
| 200 | 1 | @a现代测量学@Axian dai ce liang xue@d= Modern surveying@f翟翊 ... [等] 编著@zeng |
| 205 | @a第2版 | |
| 210 | @a北京@c测绘出版社@d2016.07 | |
| 215 | @a313页@c图@d26cm | |
| 304 | @a题名页题其余责任者: 赵夫来, 杨玉海, 王同合 | |
| 320 | @a有书目 | |
| 330 | @a本书为普通高等教育“十一五”国家级规划教材。全书共分13章4个单元。第一单元为测量学基础, 包括绪论、测量的基本知识、测量误差的基础知识。第二单元为角度测量和距离测量, 介绍了全站仪、电子经纬仪、电磁波测距仪的测量原理、使用以及成果处理。第三单元为控制测量, 包括平面控制测量、高程控制测量、GNSS控制测量。第四单元为数字测图, 包括数字地图信息的野外获取、数字地图的编辑成图、地图数字化和地形图的应用等。 | |
| 333 | @a普通高等教育“十一五”国家级规划教材 | |
| 510 | 1 | @aModern surveying@zeng |
| 606 | 0 | @a测量学@Ace liang xue@x高等教育@j教材 |
| 690 | @aP2@v5 | |
| 701 | 0 | @a翟翊@Adi yi@4编著 |
| 701 | 0 | @a赵夫来@Azhao fu lai@4编著 |
| 701 | 0 | @a杨玉海@Ayang yu hai@4编著 |
| 701 | 0 | @a王同合@Awang tong he@4编著 |
| 801 | 0 | @aCN@c20250909 |
| 905 | @a河南城建学院图书馆@dP2@eZ048=2 | |
| 现代测量学= Modern surveying/翟翊 ... [等] 编著.-第2版.-北京:测绘出版社,2016.07 |
| 313页:图;26cm |
| 使用对象:普通高等教育“十一五”国家级规划教材 |
| ISBN 978-7-5030-3956-0:CNY45.00 |
| 本书为普通高等教育“十一五”国家级规划教材。全书共分13章4个单元。第一单元为测量学基础, 包括绪论、测量的基本知识、测量误差的基础知识。第二单元为角度测量和距离测量, 介绍了全站仪、电子经纬仪、电磁波测距仪的测量原理、使用以及成果处理。第三单元为控制测量, 包括平面控制测量、高程控制测量、GNSS控制测量。第四单元为数字测图, 包括数字地图信息的野外获取、数字地图的编辑成图、地图数字化和地形图的应用等。 |
| ● |
| 相关链接 |
|
|
|
正题名:现代测量学
索取号:P2/Z048=2
 
预约/预借
| 序号 | 登录号 | 条形码 | 馆藏地/架位号 | 状态 | 备注 |
| 1 | 1630575 | 216305754 | 自科库401/401自科库 113排1列4层/ [索取号:P2/Z048=2] | 在馆 |